000 00920nam a2200277Ia 4500
005 20220317000611.0
008 160601s2002 sp a g 000 0 spa
020 _a8434222434
082 0 4 _a752
_bB71t
100 1 _aBraunstein, Mercedes
245 1 0 _aTodo sobre la técnica del color
_ctextos y coordinación Mercedes Braunstein
250 _a2a. edición
300 _a144 páginas
_bilustraciones
_c28 cm
490 _aManual imprescindible para el artista
500 _aIncluye apéndice
650 1 4 _2LEMB
_aPintura
_vManuales
_xTécnicas
650 1 4 _2LEMB
_aColor
_vManuales
_xTécnicas
650 1 4 _2LEMB
_aTeoría del color
650 1 4 _2LEMB
_aPintura
_xEnseñanza
942 _2ddc
_cBK
264 _aBarcelona
_bParramón
_c2002
336 _atexto
_btxt
_2rdacontent
337 _asin mediación
_bn
_2rdamedia
338 _avolumen
_bnc
_2rdacarrier
040 _aCO-BoRNBP
_bspa
_erda
_cCO-BoRNBP
999 _c4524
_d4524